Normal view
MARC view
- SHOAB AHMED KHAN
Entry Personal Name
001 - CONTROL NUMBER
- control field: 64329
003 - CONTROL NUMBER IDENTIFIER
- control field: NUST
005 - DATE AND TIME OF LATEST TRANSACTION
- control field: 20210628203245.0
008 - FIXED-LENGTH DATA ELEMENTS
- fixed length control field: 210628|| aca||aabn | a|a d
040 ## - CATALOGING SOURCE
- Original cataloging agency: NUST
- Transcribing agency: NUST
100 ## - HEADING--PERSONAL NAME
- Personal name: SHOAB AHMED KHAN
670 ## - SOURCE DATA FOUND
- Source citation: Work cat.: (NUST): SHOAB AHMED KHAN, DIGITAL DESIGN OF SIGNAL PROCESSING SYSTEMS , A PRACTICAL APPROCAH, 2010
